000 003470000a22001330004500
005 20120302063647.0
942 _cBOOK
100 _a Gupta,Hari ram
245 _a History of Sikhs vol-IV
260 _aNew Delhi:M.M.publishers pvt.ltd.,2001.
040 _aEng
365 _b450/-
650 _aMunshi,Rise & Fall of sikh,Maps,Budha dal,Taruna Dal
999 _c360111
_d360108